Микроэлектроника: учебное пособие для втузов в 9 кн.
| Другие авторы: | |
|---|---|
| Язык: | русский |
| Опубликовано: |
Москва, Высшая школа, 1987-
|
| Формат: | MixedMaterials Книга |
| Запись в KOHA: | https://koha.lib.tpu.ru/cgi-bin/koha/opac-detail.pl?biblionumber=55968 |
MARC
| LEADER | 00000nam1a2200000 4500 | ||
|---|---|---|---|
| 001 | 55968 | ||
| 005 | 20231031053013.0 | ||
| 035 | |a (RuTPU)RU\TPU\book\58758 | ||
| 090 | |a 55968 | ||
| 100 | |a 20030924d1987 m y0rusy50 ca | ||
| 101 | 0 | |a rus | |
| 102 | |a RU | ||
| 200 | 1 | |a Микроэлектроника |e учебное пособие для втузов в 9 кн. |f Под ред. Л. А. Коледова | |
| 210 | |a Москва |c Высшая школа |d 1987- | ||
| 675 | |a 621.382.049(075.8) |v 3 | ||
| 702 | 1 | |a Коледов |b Л. А. |g Леонид Александрович |4 340 | |
| 801 | 1 | |a RU |b 63413507 |c 20030924 |g PSBO | |
| 942 | |c BK | ||